| 000 | 00604nam a2200205Ia 4500 | ||
|---|---|---|---|
| 005 | 20241129111449.0 | ||
| 008 | 241129s9999||||xx |||||||||||||| ||und|| | ||
| 037 | _aTB | ||
| 040 |
_aCRL _beng _cCRL |
||
| 041 |
_aurd _2urd |
||
| 084 |
_aO152,3N52x 168R2 _qCRL |
||
| 100 |
_aKhan Javed Alam Au. _9724489 |
||
| 245 | 0 |
_aUday Prakash ki muntakhab kahaniyan _cKhan Javed Alam Au. |
|
| 260 |
_aMumbai, India _bMumbai Kitab Dar _c2022 |
||
| 300 | _a216p. | ||
| 365 |
_aINR _b300 |
||
| 650 |
_aHindi LiteratureFiction _9726203 |
||
| 942 |
_cTB _hO152,3N52x 168R2 |
||
| 999 |
_c1230591 _d1230591 |
||